00502 2200193 4500001002100000005001500021035002000036245004600056100001900102250000600121300002900127260004900156082000800205084001400213020002200227600002500249990001700274990001700291INLIS00000000000149420230126012533 a0010-01230000131 aKamus Indonesia Inggris /cJohn M. Echols0 aJohn M. Echols a- a699 hlm . :b- ;c23 cm. aJakarta :bPT. Gramedia Pustaka Utama,c2020 a423 a423 JOH k a978-602-03-0565-3 4aKamus Bahasa Inggris a04988/P/2023 a04988/P/2023